1956 1266 1654 1288 1070 1373 1640 1874 1723 1188 1934 1453 1529 1728 1873 1507 1541 1652 1125 1834 1828 1006 1506 1330 1231 1337 1059 1795 1503 1042 1508 1205 1323 1243 1797 1644 1283 1092 1531 1019 1941 1927 1145 1588 1243 1025 1181 1801 1086 1954 1121 1508 1248 1194 1021 1542 1570 1962 1190 1364 1181 1184 1619 1868 1029 1589 1419 1555 1697 1448 1964 1681 1459 1249 1192 1082 1002 1736 1251 1328 1425 1431 1014 1512 1736 1429 1950 1233 1752 1058 1096 1317 1407 1721 1657 1939 1966 1926 1356 BCNSPRNW ULIB Ver.6.0+V

เปลี่ยนเป็นภาษาไทย

Change to English
 แสดงรายละเอียดบรรณานุกรม
  กลับหน้าหลัก

Brief Record : Get Marc (ISO 2709) : E-mail record : QR code < ปิดหน้าต่าง
LEADER : 00000nam 2200000uu 4500
001    13399111835
003     ULIB
008    110627s2551||||th 000 0 tha d
020    9789742361464
090    นว.^bอ523ล 2551
100 0  อัญชรีย์
245 00 เล่ห์ปรายรัก/^cอัญชรีย์
250    พิมพ์ครั้งที่ 2
260    กรุงเทพฯ :^bแจ่มใส,^c2551
300    395 หน้า
945    ^p239^l0^i024480
995    ทศพร
999 ^a ใช้งานได้ทุกระบบ
รายการนี้ยังไม่มีแท็ก
คุณยังไม่ได้ล็อกอิน คุณสามารถมีกิจกรรมร่วมกับเว็บไซต์ได้ แต่ต้องล็อกอินก่อน ::
  ล็อกอิน

รายการสื่อสารสนเทศ

ลำดับที่ ประเภท เลขเรียก/บาร์โค้ด สถานที่ สถานะ
- ไม่พบข้อมูล -

รายการใกล้เคียง
    ผู้แต่ง [อัญชรีย์]

BibComment


ยังไม่เคยถูกคอมเมนท์

คอมเมนท์ทรัพยากรรายการนี้
  คอมเมนท์: เล่ห์ปรายรัก อัญช..


 Copyright 2026. Bcnsprnw @Library